000 nam a22 7a 4500
999 _c330640
_d330640
003 NUST
005 20170726194917.0
008 170726b xxu||||| |||| 00| 0 eng d
040 _cNUST
082 _a920.14
_bSHA
100 _aShahid, M R
_93594
245 _aLahore mein madfon mashaheer/
_cby M R Shahid
260 _aLahore:
_bAl-Faisal nashran,
_c2008
300 _a360 p.
500 _aBiographies
546 _aIn Urdu
650 _aBiographies
_93595
880 _6100-01\(3\r
_aایم آر شاہد
880 _6245-02\(3\r
_aلاہور میں مدفون مشاہیر
_cایم آر شاہد
880 _6260-03\(3\r
_aلاہور:
_bالفیصل ناشران و تاجران،
_c2008
942 _2ddc
_cBK